000 00445nam a22001577a 4500
005 20160203143654.0
008 160203b xxu||||| |||| 00| 0 eng d
050 _aSPC DT3094.J28A3
100 _aJarvis, Weston
_921979
245 _aJottings from an active life
_cby Jarvis, Weston
260 _aLondon
_bHeath Cranton
_c1928
300 _a256p.;
_c22cm.
600 _aJarvis, Weston
_921979
651 _aRhodesia
_91270
942 _2lcc
_cSPC
999 _c124094
_d124094